1892 1602 1448 1826 1049 1954 1517 1440 1902 1836 1843 1914 1894 1179 1417 1156 1256 1533 1056 1482 1036 1002 1081 1647 1176 1733 1045 1903 1677 1551 1840 1403 1465 1800 1294 1627 1717 1885 1071 1782 1013 1265 1161 1999 1250 1933 1257 1185 1271 1243 1266 1896 1498 1781 1312 1817 1078 1385 1251 1078 1934 1592 1347 1914 1763 1184 1026 1011 1861 1094 1356 1498 1994 1675 1266 1746 1766 1392 1115 1732 1462 1907 1996 1013 1711 1028 1018 1502 1409 1256 1932 1876 1340 1810 1574 1333 1458 1525 1158 BCNSPRNW ULIB Ver.6.0+V

เปลี่ยนเป็นภาษาไทย

Change to English
 แสดงรายละเอียดบรรณานุกรม
  กลับหน้าหลัก

Brief Record : Get Marc (ISO 2709) : E-mail record : QR code < ปิดหน้าต่าง
LEADER : 00000nam 2200000uu 4500
001    13399126289
003     ULIB
008    180830s2560||||th 000 0 tha d
020    ^a9786164260634
060    ^aQW540^bก425ห
100    ^aกาญจนา อู่สุวรรณทิม.
245    ^aหลักวิทยาภูมิคุ้มกัน = Immunological concepts/^bกาญจนา อู่สุวรรณทิม.
250    ^aพิมพ์ครั้งที่ 2
260    ^aพิษณุโลก :^bสำนักพิมพ์มหาวิทยาลัยนเรศวร,^c2560
300    ^a192 หน้า;^c26 ซม.
650    ^aวิทยาภูมิคุ้มกัน
945    ^p380^l0^i26491
945    ^p380^l0^i26492
945    ^p380^l0^i26493
999    ^aกัณชพร จุลอักษร
รายการนี้ยังไม่มีแท็ก
คุณยังไม่ได้ล็อกอิน คุณสามารถมีกิจกรรมร่วมกับเว็บไซต์ได้ แต่ต้องล็อกอินก่อน ::
  ล็อกอิน

รายการสื่อสารสนเทศ

ลำดับที่ ประเภท เลขเรียก/บาร์โค้ด สถานที่ สถานะ
1. วิทยาศาสตร์การแพทย์ และสุขภาพ
วิทยาศาสตร์การแพทย์ และสุขภาพ
QW540 ก425ห ฉ.1 
  Barcode: 26491
ห้องสมุดวิทยาเขตนครสวรรค์
►หนังสือทั่วไป:l:General Books
บนชั้น
2. วิทยาศาสตร์การแพทย์ และสุขภาพ
วิทยาศาสตร์การแพทย์ และสุขภาพ
QW540 ก425ห ฉ.2 
  Barcode: 26492
ห้องสมุดวิทยาเขตนครสวรรค์
►หนังสือทั่วไป:l:General Books
บนชั้น
3. วิทยาศาสตร์การแพทย์ และสุขภาพ
วิทยาศาสตร์การแพทย์ และสุขภาพ
QW540 ก425ห ฉ.3 
  Barcode: 26493
ห้องสมุดวิทยาเขตนครสวรรค์
►หนังสือทั่วไป:l:General Books
บนชั้น

รายการใกล้เคียง
    ผู้แต่ง [กาญจนา อู่สุวรรณทิม.]

    หัวเรื่อง [วิทยาภูมิคุ้มกัน]

BibComment


ยังไม่เคยถูกคอมเมนท์

คอมเมนท์ทรัพยากรรายการนี้
  คอมเมนท์: หลักวิทยาภูมิคุ้..


 Copyright 2026. Bcnsprnw @Library